00680nam a22001817a 4500003000400000005001700004008004100021040001800062100002500080245016700105260002000272650002200292650002400314650002000338650002400358700002200382856009400404OSt20240918160859.0240918b ||||| |||| 00| 0 eng d cAIMIT LIBRARY aRai, Vibha.e2216228 aQuality of worklife and its impact on organizational performance with special reference to Campco Chocolate Factory, Puttur /cBy Vibha Rai; Guided by Harinakshi. aMangaluruc2024 aLiterature review aResearch objectives aSampling design aResearch instrument aHarinakshieGuide 3The Central Arecanut & Cocoa Marketing & Processing Co-Operative Limited uwww.campco.org